| 000 | 00570nam a2200205Ia 4500 | ||
|---|---|---|---|
| 008 | 191130s1995##################000#0#eng## | ||
| 020 | _a9780199636006 | ||
| 022 | _a94033104 | ||
| 040 |
_aACL _cACL |
||
| 082 | _a574.87322 KIP | ||
| 100 | _aKipling, David | ||
| 245 |
_aThe telomere _cDavid Kipling |
||
| 260 |
_aOxford _bOxford University Press _c1995 |
||
| 300 | _ax, 208 p. : ill. ; 24 cm | ||
| 500 | _aIncludes bibliographical references and index | ||
| 650 | _aTelomere | ||
| 990 | _adce9eb60ac10000c451357fc33675931 | ||
| 991 | _a241395 | ||
| 999 |
_c72578 _d72578 |
||